000 00901nam a2200253 i 4500
003 DO-SdBNP
005 20250425150950.0
007 ta
008 240827b2007 dr ac||| |||| 00| 0 spa d
040 _aDO-SdBNP
_bspa
_cBNPHU
_erda
082 4 _axxx
_bxxx
_222
100 _aMéndez Jiminián, Jesús,
_92186
_eautor
_4aut.
245 1 3 _aEl presidente Báez y La Vega (1849-1878) /
_cJesús Méndez Jiminían ; prólogo, Robert Espinal Luna
264 1 _aSanto Domingo :
_bEditor CODIA;
_bEditora Cruz Lora & Asocs. S.A.,
_c2007.
300 _a79 páginas :
_bilustraciones y retratos ;
_c28 cm.
336 _2rdacontent
_atexto
_btxt
337 _2rdamedia
_asin mediación
_bn
338 _2rdacarrier
_avolumen
_bnc
504 _aBibliografía : páginas 76-79
590 _aInventariado, 2024/BT
700 _aEspinal Luna, Robert,
_eprologuista
_986450
_4pr.
910 _aBtavárez
942 _2ddc
_cLBS1
999 _c57567
_d57567